000 00638nam a2200241 i 4500
001 C2-0265594
003 PPAK
005 20180727233520.0
008 050705s2005 nyu |||| ||||| | eng d
020 _a0743480538
040 _aPPAK
_beng
_cPPAK
_erda
082 0 4 _a823
_223
090 0 0 _a823
_bRYA
_dG
100 1 _aRyan, Kevin,
_eauthor
245 1 0 _aStar trek : errand of fury :
_bseeds of rage
264 1 _aNew York :
_bPocket Books ,
_c2005
300 _a287 pages ;
_c17 cm
336 _2rdacontent
_atext
337 _2rdamedia
_aunmediated
338 _2rdacarrier
_avolume
650 1 0 _aEnglish fiction
942 _ddc
_cB
999 _c75104
_d75104